[Event "NOR-chT 1011"]
[Site "Oslo"]
[Date "2011.01.22"]
[Round "5"]
[White "Byklum, Bjornar"]
[Black "Djurhuus, Rune"]
[Result "1/2-1/2"]
[WhiteElo "2263"]
[BlackElo "2444"]
[PlyCount "91"]
[EventDate "2010.11.05"]
[EventType "team-tourn"]
[EventRounds "9"]
[EventCountry "NOR"]
[SourceTitle "EXT 2012"]
[Source "ChessBase"]
[SourceDate "2011.11.24"]
[SourceVersion "1"]
[SourceVersionDate "2011.11.24"]
[SourceQuality "1"]
[WhiteTeam "SOSS"]
[BlackTeam "Akademisk"]
[WhiteTeamCountry "NOR"]
[BlackTeamCountry "NOR"]

1. d4 Nf6 2. c4 g6 3. Nc3 Bg7 4. e4 0-0 5. Nf3 d6 6. Be2 Nbd7 7. 0-0 e5 8. Be3 h6 9. h3 exd4 10. Nxd4 Re8 11. Qc2 Nc5 12. Bf3 Nh7 13. b4 Ne6 14. Rad1 Nhg5 15. Bg4 Nxd4 16. Bxd4 Bxd4 17. Rxd4 Bxg4 18. hxg4 Ne6 19. Rd3 c6 20. Qd2 Ng5 21. Rxd6 Qe7 22. f3 Rad8 23. Rd1 Rxd6 24. Qxd6 Qxd6 25. Rxd6 Kf8 26. c5 Ne6 27. Rd7 Rb8 28. e5 Ke8 29. Rd6 a5 30. a3 axb4 31. axb4 Ra8 32. Rd2 Ke7 33. Rb2 Nf4 34. b5 Nd3 35. bxc6 bxc6 36. Rb6 Nxe5 37. Ne4 Ke6 38. Kh2 f5 39. gxf5+ gxf5 40. Nd6 Ra5 41. Nb7 Ra2 42. Kg3 f4+ 43. Kxf4 Rxg2 44. Rb1 Rd2 45. Rh1 Rd4+ 46. Ke3 1/2-1/2

[Event "Rilton Cup 40th"]
[Site "Stockholm"]
[Date "2010.12.28"]
[Round "2"]
[White "Byklum, Bjornar"]
[Black "Palmblad, Jan Peter"]
[Result "1-0"]
[WhiteElo "2263"]
[BlackElo "2135"]
[PlyCount "51"]
[EventDate "2010.12.27"]
[EventType "swiss"]
[EventRounds "9"]
[EventCountry "SWE"]
[SourceTitle "CBM 140 Extra"]
[Source "ChessBase"]
[SourceDate "2011.03.01"]
[SourceVersion "1"]
[SourceVersionDate "2011.03.01"]
[SourceQuality "1"]

1. d4 d5 2. Nf3 e6 3. c4 c5 4. cxd5 exd5 5. Nc3 Nc6 6. dxc5 d4 7. Na4 b5 8. cxb6 axb6 9. e3 Bb4+ 10. Bd2 dxe3 11. Bxb4 Qxd1+ 12. Rxd1 Nxb4 13. Bb5+ Ke7 14. Nxb6 Ba6 15. Nd5+ Nxd5 16. Rxd5 Nf6 17. Re5+ Kd6 18. 0-0 Ng4 19. Rd1+ Kc7 20. Re7+ Kb6 21. Bxa6 exf2+ 22. Kf1 Rhd8 23. Be2 Rxd1+ 24. Bxd1 Rd8 25. Bc2 Rc8 26. h3 1-0